| 000 | 05909cam a22006494a 4500 | ||
|---|---|---|---|
| 999 |
_c3375 _d3375 |
||
| 001 | ocm44509327 | ||
| 003 | OCoLC | ||
| 005 | 20170825131808.0 | ||
| 008 | 000622s2001 mnu b 001 0 eng | ||
| 010 | _a 00057137 | ||
| 015 |
_aGBA1Z0833 _2bnb |
||
| 015 |
_aGBA100000 _2bnb |
||
| 015 | _aBA100000 | ||
| 016 | 7 |
_a011628711 _2Uk |
|
| 020 | _a1557787905 | ||
| 020 | _a9781557787903 | ||
| 029 | 1 |
_aAU@ _b000021627441 |
|
| 029 | 1 |
_aAU@ _b000022726942 |
|
| 029 | 1 |
_aAU@ _b000026019174 |
|
| 029 | 1 |
_aHEBIS _b097991198 |
|
| 029 | 1 |
_aIG# _b9781557787903 |
|
| 029 | 1 |
_aNLGGC _b236697307 |
|
| 029 | 1 |
_aNZ1 _b5773525 |
|
| 029 | 1 |
_aUNITY _b071309349 |
|
| 029 | 1 |
_aYDXCP _b100242487 |
|
| 035 |
_a(OCoLC)44509327 _z(OCoLC)46332019 _z(OCoLC)59545386 |
||
| 040 |
_aDLC _beng _cDLC _dUKM _dBAKER _dBTCTA _dYDXCP _dAU@ _dIG# _dUKV3G _dHEBIS _dEUM _dBDX _dBKX _dPSM _dNEG _dOCLCF _dP4I _dI8M _dOCLCO _dUZ0 _dOCLCA |
||
| 042 | _apcc | ||
| 049 | _aTZAA | ||
| 050 | 0 | 0 |
_aJC571 _b.H358 2001 |
| 082 | 0 | 0 |
_a323/.01 _221 |
| 100 | 1 |
_aHayden, Patrick, _d1965- _96410 |
|
| 245 | 1 | 4 |
_aThe philosophy of human rights / _cPatrick Hayden. |
| 260 |
_aSt. Paul, MN : _bParagon House, _c2001. |
||
| 300 |
_axviii, 686 p. ; _c22 cm. |
||
| 490 | 1 | _aParagon issues in philosophy | |
| 504 | _aIncludes bibliographical references (p. 675-680) and index. | ||
| 505 | 0 | _apt. 1. History and Theories of Human Rights. 1. Republic / Plato. 2. Politics / Aristotle. 3. On the Laws / Cicero. 4. Summa Theologica / Thomas Aquinas. 5. The Rights of War and Peace / Hugo Grotius. 6. Leviathan / Thomas Hobbes. 7. The Second Treatise of Government / John Locke. 8. The Social Contract / Jean-Jacques Rousseau. 9. Reflections on the Revolution in France / Edmund Burke. 10. The Rights of Man / Thomas Paine. 11. A Vindication of the Rights of Woman / Mary Wollstonecraft. 12. The Principles of Political Right / Immanuel Kant. 13. Anarchical Fallacies / Jeremy Bentham. 14. On the Jewish Question / Karl Marx. 15. Utilitarianism and On Liberty / John Stuart Mill. 16. "Are There Any Natural Rights? / H.L.A. Hart. 17. "Human Rights, Real and Supposed." / Maurice Cranston. 18. "The Nature and Value of Rights." / Joel Feinberg. 19. "How Should Human Rights Be Conceived?" / Thomas W. Pogge. 20. "Capabilities and Human Rights." / Martha C. Nussbaum. 21. "Human Rights, Rationality, and Sentimentality." / Richard Rorty. 22. "Wears and Tears (Tableau of an Ageless World.)" / Jacques Derrida. 23. The Analects / Confucius. 24. "Universal Love." / Mo Tzu. 25. "Foundation of the Kingdom of Righteousnous." / The Buddha. 26. "Human Rights and Universal Responsibility." / The Dalai Lama. 27. "An Akan Perspective on Human Rights." / Kwasi Wiredu. 28. "Human Rights in the Muslim World." / Abdullahi Ahmed An-Na'im. 29. The English Bill of Rights. 30. Declaration of Independence of the United States of America. 31. The Bill of Rights of the United States of America. 32. French Declaration of the Rights of Man and of the Citizen. 33. Universal Declaration of Human Rights. 34. African Charter on Human and Peoples' Rights -- pt. 2. Contemporary Issues. 35. "International Human Rights and Cultural Relativism." / Fernando Teson. 36. "'Asian Values' and the Universality of Human Rights." / Xiaorong Li. 37. "A World Consensus on Human Rights?" / Charles Taylor. 38. "The Rights of Peoples: 'Peoples' or 'Governments'?" / James Crawford. 39. "The Good, the Bad, and the Intolerable: Minority Group Rights" / Will Kymlicka. 40. "What's Wrong with Ethnic Cleansing?" / James W. Nickel. 41. "Humanitarian Intervention: An Overview of the Ethical Issues." / Michael J. Smith. 42. "Right in the Home: Feminist Theoretical Perspectives on International Human Rights." / Arati Rao. 43. "Rape, Genocide, and Women's Human Rights." / Catharine A. MacKinnon. 44. "Non-Discrimination and Sexual Orientation: Making a Place for Sexual Minorities in the Global Human Rights Regime." / Jack Donnelly. 45. "Lesbian and Gay Rights." / Martha C. Nussbaum. 46. "The Human Right to a Safe Environment: Philosophical Perspectives on Its Scope and Justification." / James W. Nickel. 47. "Planetary Rights." / Edith Brown Weiss. 48. Vienna Declaration and Programme of Action. 49. Declaration on the Rights of Persons Belonging to National, Ethnic, Religious or Linguistic Minorities. 50. Draft Declaration on the Rights of Indigenous Peoples. 51. Convention on the Prevention and Punishment of the Crime of Genocide. 52. Convention on the Elimination of All Forms of Discrimination Against Women. 53. Draft Declaration of Principles on Human Rights and the Environment. | |
| 520 | 8 | _aPatrick Hayden brings together an extensive collection of classical and contemporary writings on the topic of human rights, providing an exceptionally comprehensive introduction to the subject. | |
| 600 | _2on order | ||
| 650 | 0 |
_aHuman rights _xPhilosophy. |
|
| 650 | 0 |
_aCivil rights _xPhilosophy. _96412 |
|
| 650 | 7 |
_aCivil rights _xPhilosophy. _2fast _96412 |
|
| 650 | 7 |
_aHuman rights _xPhilosophy. _2fast |
|
| 650 | 7 |
_aMenschenrecht _2gnd |
|
| 650 | 7 |
_aPhilosophie _2gnd |
|
| 650 | 7 |
_aB�urgerrecht _2gnd |
|
| 650 | 4 |
_aDerechos humanos _xFilosof�ia. |
|
| 650 | 4 |
_aDerechos civiles _xFilosof�ia. |
|
| 776 | 0 | 8 |
_iOnline version: _aHayden, Patrick, 1965- _tPhilosophy of human rights. _dSt. Paul, MN : Paragon House, 2001 _w(OCoLC)606545151 |
| 776 | 0 | 8 |
_iOnline version: _aHayden, Patrick, 1965- _tPhilosophy of human rights. _dSt. Paul, MN : Paragon House, 2001 _w(OCoLC)609900761 |
| 830 | 0 |
_aParagon issues in philosophy. _96413 |
|
| 856 | 4 | 2 |
_3Contributor biographical information _uhttp://catdir.loc.gov/catdir/enhancements/fy1213/00057137-b.html |
| 856 | 4 | 1 |
_3Table of contents only _uhttp://catdir.loc.gov/catdir/enhancements/fy1213/00057137-t.html |
| 856 | 4 | 2 |
_3Publisher description _uhttp://catdir.loc.gov/catdir/enhancements/fy1214/00057137-d.html |
| 942 |
_2lcc _cBOOK |
||